000 02644cad a22003855a 4500
001 L144359
008 080714e20080623xxk f v 000 0 eng d
035 _a(Sirsi) u144359
041 0 _aeng
245 0 0 _aWychavon District Council v Secretary of State for Communities and Local Government and Others
_h[electronic resource]
260 _c2008
520 _a[2008] EWCA Civ 692, 23 June 2008. Appellants (B) appealed against decision quashing decision of a planning inspector granting temporary planning permission for the continued stationing of a mobile home and touring caravan on a site in the green belt. B also used the land for equestrian purposes, a change of use that planning permission had been obtained for; although it was not clear whether B's business met the change of use definitions. Inspector had held that a temporary permission would allow for time to find an alternative site and that there were mitigating factors to allow such a permission. A judge had later quashed this decision. Held: The word 'special' in PPG2 should be used with qualitative, not quantitative judgements and the special legal position of gipsies, coupled with the prospect of a gipsy family losing their home with no prospect of immediate replacement were significant enough factors to outweigh the importance of the green belt policies.
590 _aKA
650 2 4 _aWYCHAVON DISTRICT COUNCIL V SOS COMMUNITIES AND LOCAL GOVERNMENT & ORS
650 2 4 _aPLANNING POLICY GUIDANCE NOTE 2 (GREEN BELTS)
650 2 4 _aCIRCULAR 11/95 (THE USE OF CONDITIONS IN PLANNING PERMISSION)
650 2 4 _aCIRCULAR 1/94 (GIPSY SITES AND PLANNING)
650 2 4 _aCIRCULAR 01/06 (COMMUNITIES AND LOCAL GOVERNMENT) GUIDANCE ON CHANGES TO THE DEVELOPMENT CONTROL SYSTEM
650 2 4 _aR (CHELMSFORD BOROUGH COUNCIL) V FIRST SECRETARY OF STATE
650 2 4 _aR (BASILDON DISTRICT COUNCIL) V FIRST SECRETARY OF STATE
650 2 4 _aCHAPMAN V UNITED KINGDOM
650 2 4 _aKAY V LAMBETH LBC
650 2 4 _aMCCARTHY V BASILDON DC AND EHRC
650 2 4 _aDONCASTER MBC V SSETR
650 2 4 _aSOUTH BUCKS DC V SECRETARY OF STATE
650 2 4 _aSOUTH BUCKS DC V PORTER
650 2 4 _aR (DARTFORD BC) V SECRETARY OF STATE
650 2 4 _aR V DERBYSHIRE CC EX PARTE WOODS
650 2 4 _aAH (SUDAN) V SECRETARY OF STATE
650 2 4 _aMUKARKAR V SECRETARY OF STATE
651 4 _aEngland and Wales
_y1543-
690 _aENVIRONMENTAL AND LAND CONSULTANCY-PLANNING AND DEVELOPMENT-DEVELOPMENT CONTROL-PLANNING ENFORCEMENT
856 4 0 _uhttps://www.bailii.org/ew/cases/EWCA/Civ/2008/692.html
_zView the case free of charge at www.bailii.org...
942 _n0
999 _c80444
_d80444